[Event "TUR-chT 2nd League"]
[Site "Konya"]
[Date "2019.07.25"]
[Round "6.16"]
[White "Ataer, Arda Burak"]
[Black "Yapici, Kadir Gokberk"]
[Result "1/2-1/2"]
[WhiteElo "1578"]
[BlackElo "1795"]
[PlyCount "138"]
[EventDate "2019.07.22"]
[EventType "team-swiss"]
[EventRounds "9"]
[EventCountry "TUR"]
[SourceTitle "CBM 191 Extra"]
[Source "ChessBase"]
[SourceDate "2019.09.30"]
[SourceVersion "1"]
[SourceVersionDate "2019.09.30"]
[SourceQuality "1"]
[WhiteTeam "Maras Spor Kulubu"]
[BlackTeam "Hayat Genclik"]
[WhiteTeamCountry "TUR"]
[BlackTeamCountry "TUR"]

1. e4 g6 2. d4 d6 3. Nc3 c6 4. Nf3 Bg7 5. a4 Nf6 6. Be2 Qc7 7. 0-0 Nbd7 8. h3 e5 9. dxe5 dxe5 10. Be3 0-0 11. Bc4 Nh5 12. Qd2 Nf4 13. Ne2 Nb6 14. Bb3 Rd8 15. Qe1 Be6 16. Bxe6 Nxe6 17. b3 Nd7 18. Rd1 Nf6 19. Qb4 b6 20. Ng5 Nf4 21. Nxf4 exf4 22. Bd4 c5 23. Qc4 Qe7 24. Ba1 h6 25. Bxf6 Qxf6 26. Nf3 Qc3 27. Qxc3 Bxc3 28. Rd5 Re8 29. Rd3 Bg7 30. Re1 Re7 31. Kf1 Rae8 32. Nd2 f5 33. f3 Bf6 34. Rd6 Kg7 35. Rd3 g5 36. Re2 g4 37. hxg4 fxg4 38. Nc4 Be5 39. Nxe5 Rxe5 40. Rd7+ Kg6 41. fxg4 Kg5 42. Rg7+ Kh4 43. Kf2 Rxe4 44. Rxe4 Rxe4 45. Kf3 Rd4 46. Rg6 Rd2 47. Kxf4 Rf2+ 48. Ke4 Rxg2 49. Rxh6+ Kg5 50. Rh7 Rxc2 51. Kd3 Rf2 52. Rxa7 Rf3+ 53. Kc4 Rf4+ 54. Kc3 Rf3+ 55. Kb2 Rf2+ 56. Ka3 Rf3 57. Rc7 Kxg4 58. Rc6 Kf5 59. Rxb6 Ke5 60. Rb5 Kd6 61. a5 c4 62. a6 Rf1 63. Kb2 Rf2+ 64. Kc3 cxb3 65. Kxb3 Rf7 66. Kb4 Kc6 67. Ka5 Rf1 68. Rb6+ Kc5 69. Rb5+ Kc6 1/2-1/2

[Event "TUR-chT 2nd League"]
[Site "Konya"]
[Date "2019.07.25"]
[Round "5.13"]
[White "Yapici, Kadir Gokberk"]
[Black "Gazioglu, Halit"]
[Result "1/2-1/2"]
[WhiteElo "1795"]
[BlackElo "1905"]
[PlyCount "162"]
[EventDate "2019.07.22"]
[EventType "team-swiss"]
[EventRounds "9"]
[EventCountry "TUR"]
[SourceTitle "CBM 191 Extra"]
[Source "ChessBase"]
[SourceDate "2019.09.30"]
[SourceVersion "1"]
[SourceVersionDate "2019.09.30"]
[SourceQuality "1"]
[WhiteTeam "Hayat Genclik"]
[BlackTeam "Gaziantep Sader"]
[WhiteTeamCountry "TUR"]
[BlackTeamCountry "TUR"]

1. d4 Nf6 2. Nf3 e6 3. c4 b6 4. g3 Ba6 5. Qc2 c5 6. Bg2 Nc6 7. d5 exd5 8. cxd5 Nb4 9. Qd1 Qe7 10. Nc3 Nd3+ 11. Kf1 Nxc1 12. Rxc1 g6 13. Qa4 Bb7 14. Rd1 a6 15. Qf4 d6 16. h4 Nh5 17. Qe4 f5 18. Qxe7+ Bxe7 19. Ng5 Bxg5 20. hxg5 0-0 21. Bf3 Ng7 22. a4 Rae8 23. Kg2 Re5 24. e3 Rf7 25. Rh6 Ne8 26. Ne2 Nc7 27. Nf4 Rfe7 28. Nxg6 hxg6 29. Rxg6+ Rg7 30. Rxd6 b5 31. axb5 axb5 32. g6 Kf8 33. Rb6 Bxd5 34. Bxd5 Nxd5 35. Rb8+ Ke7 36. Rxb5 Rxg6 37. Rb7+ Kf6 38. Ra1 Rg8 39. Raa7 Re7 40. Ra6+ Re6 41. Ra5 Rc8 42. Raa7 Re7 43. Ra6+ Kf7 44. Rb5 Rec7 45. Rd6 Ne7 46. b3 Rc6 47. Rd7 R8c7 48. Rd8 Ra6 49. Rd1 Ke6 50. Kf3 Ng6 51. Kg2 Ne5 52. Rg1 Nd3 53. Rd1 Rd7 54. Rf1 Ra2 55. Rb6+ Ke7 56. Kf3 Rb2 57. Rb5 Ra7 58. e4 fxe4+ 59. Kxe4 Nxf2+ 60. Kf5 Kd6 61. g4 Rf7+ 62. Kg6 Rf3 63. g5 Re2 64. Rb6+ Ke5 65. Rf6 Rf4 66. Kg7 Nh3 67. Rc1 Kd5 68. g6 Rg2 69. Rd1+ Rd4 70. Rdf1 Ng5 71. R1f5+ Ke4 72. Rxc5 Rd7+ 73. Kg8 Nf3 74. Re6+ Kd4 75. Rc4+ Kd5 76. Ra6 Ne5 77. Ra5+ Ke6 78. Ra6+ Kf5 79. Rc5 Rxg6+ 80. Rxg6 Kxg6 81. Kf8 Kf6 1/2-1/2

[Event "TUR-chT 2nd League"]
[Site "Konya"]
[Date "2019.07.23"]
[Round "3.16"]
[White "Rzayev, Bahruz Iqbal Oglu"]
[Black "Yapici, Kadir Gokberk"]
[Result "1-0"]
[WhiteElo "2340"]
[BlackElo "1795"]
[PlyCount "53"]
[EventDate "2019.07.22"]
[EventType "team-swiss"]
[EventRounds "9"]
[EventCountry "TUR"]
[SourceTitle "CBM 191 Extra"]
[Source "ChessBase"]
[SourceDate "2019.09.30"]
[SourceVersion "1"]
[SourceVersionDate "2019.09.30"]
[SourceQuality "1"]
[WhiteTeam "Kahramanmaras Ustad"]
[BlackTeam "Hayat Genclik"]
[WhiteTeamCountry "TUR"]
[BlackTeamCountry "TUR"]

1. e4 g6 2. d4 d6 3. Nc3 c6 4. Nf3 Bg7 5. a4 Nf6 6. Be2 Qc7 7. 0-0 Nbd7 8. a5 0-0 9. h3 e5 10. dxe5 dxe5 11. Be3 Rd8 12. Bc4 Nf8 13. Qe2 Ne6 14. Ng5 Nxg5 15. Bxg5 h6 16. Be3 Nh5 17. Bc5 Bf8 18. Qe3 Bxc5 19. Qxc5 Nf4 20. Rfd1 Rxd1+ 21. Rxd1 Be6 22. Nd5 Nxd5 23. exd5 Qd7 24. dxe6 Qxd1+ 25. Kh2 Qd4 26. exf7+ Kg7 27. f8Q+ 1-0

[Event "TUR-chT 2nd League"]
[Site "Konya"]
[Date "2019.07.23"]
[Round "2.12"]
[White "Yapici, Kadir Gokberk"]
[Black "Arslan, Erdal"]
[Result "0-1"]
[WhiteElo "1795"]
[BlackElo "1964"]
[PlyCount "58"]
[EventDate "2019.07.22"]
[EventType "team-swiss"]
[EventRounds "9"]
[EventCountry "TUR"]
[SourceTitle "CBM 191 Extra"]
[Source "ChessBase"]
[SourceDate "2019.09.30"]
[SourceVersion "1"]
[SourceVersionDate "2019.09.30"]
[SourceQuality "1"]
[WhiteTeam "Hayat Genclik"]
[BlackTeam "Ceylanpinar Genclik"]
[WhiteTeamCountry "TUR"]
[BlackTeamCountry "TUR"]

1. d4 c5 2. dxc5 e6 3. Nc3 Bxc5 4. Ne4 Qc7 5. Nxc5 Qxc5 6. e4 Qb4+ 7. c3 Qxe4+ 8. Be3 Ne7 9. Nf3 Nf5 10. Qd2 Nxe3 11. fxe3 0-0 12. Bd3 Qg4 13. 0-0-0 Nc6 14. Qf2 f5 15. h3 Qa4 16. g4 Qxa2 17. gxf5 Qa1+ 18. Kc2 Qa4+ 19. Kb1 exf5 20. Rdg1 d5 21. Rxg7+ Kxg7 22. Qg3+ Kf7 23. Ng5+ Ke7 24. Nxh7 Be6 25. Qc7+ Bd7 26. Rg1 Rg8 27. Rf1 Rac8 28. Qxb7 Rb8 29. Qc7 Rxb2+ 0-1

[Event "TUR-chT 2nd League"]
[Site "Konya"]
[Date "2018.07.18"]
[Round "4.9"]
[White "Yapici, Kadir Gokberk"]
[Black "Erilli, Necati Alp"]
[Result "1-0"]
[WhiteElo "1822"]
[BlackElo "1900"]
[PlyCount "117"]
[EventDate "2018.07.16"]
[EventType "team-swiss"]
[EventRounds "9"]
[EventCountry "TUR"]
[SourceTitle "EXT 2019"]
[Source "ChessBase"]
[SourceDate "2018.10.10"]
[SourceVersion "1"]
[SourceVersionDate "2018.10.10"]
[SourceQuality "1"]
[WhiteTeam "Hayat Genclik"]
[BlackTeam "Samsun Gercek"]
[WhiteTeamCountry "TUR"]
[BlackTeamCountry "TUR"]

1. d4 Nf6 2. Nf3 c5 3. e3 cxd4 4. exd4 g6 5. Bd3 Bg7 6. 0-0 d6 7. h3 0-0 8. Re1 b6 9. Bg5 Nbd7 10. Nbd2 Bb7 11. c3 Re8 12. Ne4 Bxe4 13. Bxe4 Nxe4 14. Rxe4 Nf6 15. Re2 h6 16. Bf4 Qd7 17. Qd3 Nd5 18. Bd2 b5 19. Rae1 Rac8 20. Qe4 Qf5 21. Qxf5 gxf5 22. Nh4 e6 23. Nxf5 Red8 24. Nxh6+ Bxh6 25. Bxh6 Kh7 26. Bd2 Rg8 27. Kh2 Rg6 28. g3 Kg7 29. h4 Rh8 30. Kh3 a6 31. f3 Kf8 32. g4 Rg7 33. Rh2 Ke7 34. Kg3 Kd7 35. Kf2 Ne7 36. Reh1 d5 37. a4 bxa4 38. Ra1 Rb8 39. Bc1 Nc6 40. Rxa4 a5 41. Kg3 Rbg8 42. Bf4 f6 43. Re2 Rh7 44. Ra1 Rgh8 45. Rh2 Rg8 46. Be3 e5 47. dxe5 fxe5 48. g5 Ke6 49. Kg4 Rf7 50. h5 Rgf8 51. g6 Rf4+ 52. Bxf4 Rxf4+ 53. Kg3 Ne7 54. Rxa5 Nf5+ 55. Kf2 Nh6 56. Ke2 e4 57. fxe4 Rxe4+ 58. Kd2 Rg4 59. b4 1-0

[Event "Cubuk op 3rd"]
[Site "Cubuk"]
[Date "2017.08.21"]
[Round "4"]
[White "Stets, Dmitry"]
[Black "Yapici, Kadir Gokberk"]
[Result "1-0"]
[WhiteElo "2408"]
[BlackElo "1831"]
[PlyCount "52"]
[EventDate "2017.08.19"]
[EventType "swiss"]
[EventRounds "9"]
[EventCountry "TUR"]
[SourceTitle "CBM 180 Extra"]
[Source "ChessBase"]
[SourceDate "2017.10.06"]
[SourceVersion "1"]
[SourceVersionDate "2017.10.06"]
[SourceQuality "1"]

1. e4 g6 2. d4 d6 3. Nc3 c6 4. Nf3 b5 5. d5 Bg7 6. dxc6 a6 7. Nd4 Nf6 8. Nd5 Nxd5 9. exd5 e6 10. a4 Qa5+ 11. c3 b4 12. c4 0-0 13. Be2 exd5 14. Nb3 Qc7 15. cxd5 a5 16. 0-0 Na6 17. Nd4 Nc5 18. Bf4 Re8 19. Nb5 Qe7 20. Bxd6 Qxe2 21. Bxc5 Qxb2 22. Nc7 Ba6 23. Nxe8 Rxe8 24. Rb1 Qa2 25. d6 Bxf1 26. d7 Ra8 1-0

[Event "TUR-chT 2nd League"]
[Site "Konya"]
[Date "2017.07.23"]
[Round "9.8"]
[White "Yapici, Kadir Gokberk"]
[Black "Boz, Fatih Emre"]
[Result "1-0"]
[WhiteElo "1781"]
[BlackElo "1712"]
[PlyCount "99"]
[EventDate "2017.07.17"]
[EventType "team-swiss"]
[EventRounds "9"]
[EventCountry "TUR"]
[SourceTitle "EXT 2018"]
[Source "ChessBase"]
[SourceDate "2017.10.13"]
[SourceVersion "1"]
[SourceVersionDate "2017.10.13"]
[SourceQuality "1"]
[WhiteTeam "Ankara Hayat"]
[BlackTeam "Denizli Ihtisas"]
[WhiteTeamCountry "TUR"]
[BlackTeamCountry "TUR"]

1. d4 Nf6 2. Nf3 g6 3. c4 Bg7 4. Nc3 0-0 5. e4 d6 6. Be2 e5 7. 0-0 Nc6 8. d5 Ne7 9. Ne1 Nd7 10. Be3 f5 11. f3 f4 12. Bf2 g5 13. a4 a5 14. Nb5 b6 15. Nd3 Ng6 16. b4 Nf6 17. c5 bxc5 18. bxc5 Rf7 19. Nb2 Bf8 20. cxd6 cxd6 21. Rc1 Ne8 22. Qd2 Bd7 23. Nc4 Ra6 24. Be1 h5 25. Nxa5 g4 26. Nc6 Qg5 27. Nb8 Nh4 28. Nxd7 Nxg2 29. fxg4 Ne3 30. h4 Nxf1 31. Kxf1 Qg6 32. Nc3 Ra7 33. Nxf8 Rxf8 34. g5 f3 35. Bb5 f2 36. Bxf2 Raf7 37. Rc2 Rf4 38. Kg2 Nf6 39. Bg3 Nxe4 40. Bd3 Nxd2 41. Bxg6 Rd4 42. Nb5 Rxd5 43. Nc7 Rc5 44. Rxd2 Rxc7 45. Rxd6 Ra7 46. Bxh5 Rxa4 47. Rg6+ Kh7 48. Rh6+ Kg8 49. Bxe5 Ra2+ 50. Kg1 1-0

[Event "TUR-chT 2nd League"]
[Site "Konya"]
[Date "2017.07.22"]
[Round "8.7"]
[White "Demirbag, Alihan"]
[Black "Yapici, Kadir Gokberk"]
[Result "0-1"]
[WhiteElo "1960"]
[BlackElo "1781"]
[PlyCount "106"]
[EventDate "2017.07.17"]
[EventType "team-swiss"]
[EventRounds "9"]
[EventCountry "TUR"]
[SourceTitle "CBM 179 Extra"]
[Source "ChessBase"]
[SourceDate "2017.08.23"]
[SourceVersion "1"]
[SourceVersionDate "2017.08.23"]
[SourceQuality "1"]
[WhiteTeam "Bursa Nida"]
[BlackTeam "Ankara Hayat"]
[WhiteTeamCountry "TUR"]
[BlackTeamCountry "TUR"]

1. e4 g6 2. d4 d6 3. Nf3 c6 4. Bc4 b5 5. Bb3 Nd7 6. 0-0 Nb6 7. Re1 Bg7 8. e5 d5 9. c3 Bg4 10. a4 bxa4 11. Bxa4 Nxa4 12. Rxa4 e6 13. Nbd2 Ne7 14. h3 Bxf3 15. Nxf3 Qc7 16. Qd3 0-0 17. b3 Rfb8 18. Nd2 c5 19. Ba3 cxd4 20. cxd4 Nc8 21. Bc5 Bf8 22. Bxf8 Kxf8 23. Qe3 Kg7 24. Raa1 Qe7 25. Qf4 Nb6 26. h4 h6 27. Re3 Rc8 28. Rg3 a5 29. Qg4 a4 30. bxa4 Rxa4 31. Rxa4 Nxa4 32. h5 Rc1+ 33. Kh2 Rc3 34. Rf3 Rxf3 35. Nxf3 Nc3 36. hxg6 fxg6 37. Nh4 Qf7 38. Kg1 Ne4 39. f3 h5 40. Qxg6+ Qxg6 41. Nxg6 Kxg6 42. fxe4 dxe4 43. g3 e3 44. Kg2 Kf5 45. Kf3 e2 46. Kxe2 Ke4 47. d5 Kxd5 48. Kd3 Kxe5 49. Ke3 Kf5 50. Kf2 Kg4 51. Kg2 e5 52. Kf2 e4 53. Kg2 e3 0-1

[Event "TUR-chT 2nd League"]
[Site "Konya"]
[Date "2017.07.20"]
[Round "6.5"]
[White "Yapici, Kadir Gokberk"]
[Black "Doner, Mustafa"]
[Result "0-1"]
[WhiteElo "1781"]
[BlackElo "1879"]
[PlyCount "82"]
[EventDate "2017.07.17"]
[EventType "team-swiss"]
[EventRounds "9"]
[EventCountry "TUR"]
[SourceTitle "CBM 179 Extra"]
[Source "ChessBase"]
[SourceDate "2017.08.23"]
[SourceVersion "1"]
[SourceVersionDate "2017.08.23"]
[SourceQuality "1"]
[WhiteTeam "Ankara Hayat"]
[BlackTeam "Gaziantep Sader"]
[WhiteTeamCountry "TUR"]
[BlackTeamCountry "TUR"]

1. d4 g6 2. Nf3 Bg7 3. c4 c5 4. e3 d6 5. dxc5 Qa5+ 6. Bd2 Qxc5 7. Bc3 Nf6 8. Be2 0-0 9. 0-0 Nbd7 10. Nbd2 b6 11. b4 Qc7 12. Nb3 Bb7 13. Rc1 Rac8 14. Nbd4 Qb8 15. Qa4 Qa8 16. Ba1 a6 17. Rfd1 Rc7 18. Ne1 Rfc8 19. Qb3 b5 20. Bb2 bxc4 21. Bxc4 Ne5 22. Bf1 Bd5 23. Qa4 Nc4 24. Bxc4 Bxc4 25. Rc2 e5 26. Ndf3 Bb5 27. Qb3 Rxc2 28. Nxc2 Qc6 29. Rc1 Ba4 30. Qa3 Bxc2 31. Ne1 Qd5 32. Qxa6 Ra8 33. Qe2 Ba4 34. a3 Qb7 35. Nd3 Rc8 36. f3 Bh6 37. f4 Rxc1+ 38. Bxc1 exf4 39. Nxf4 Qe4 40. Bb2 Bxf4 41. Bxf6 Qxe3+ 0-1

[Event "Ankara Baskent Univ op 2nd"]
[Site "Ankara"]
[Date "2017.06.30"]
[Round "1"]
[White "Yapici, Kadir Gokberk"]
[Black "Ulybin, Mikhail"]
[Result "0-1"]
[WhiteElo "1781"]
[BlackElo "2499"]
[PlyCount "99"]
[EventDate "2017.06.30"]
[EventType "swiss"]
[EventRounds "9"]
[EventCountry "TUR"]
[SourceTitle "CBM 179 Extra"]
[Source "ChessBase"]
[SourceDate "2017.08.23"]
[SourceVersion "1"]
[SourceVersionDate "2017.08.23"]
[SourceQuality "1"]

1. d4 e6 2. Nf3 c5 3. g3 Nf6 4. Bg2 cxd4 5. Nxd4 d5 6. 0-0 e5 7. Nb3 Be7 8. Nc3 d4 9. Ne4 Nc6 10. f4 0-0 11. fxe5 Ng4 12. e3 dxe3 13. h3 Qxd1 14. Rxd1 Ngxe5 15. Bxe3 Nc4 16. Bc5 Nxb2 17. Bxe7 Nxe7 18. Re1 Nf5 19. g4 Nh4 20. Bh1 Nc4 21. Nec5 Rb8 22. Rad1 Ng6 23. Nd4 Nge5 24. Rb1 b6 25. Nd3 Nxd3 26. cxd3 Na5 27. Re7 Bb7 28. Nb5 Bxh1 29. Kxh1 Nc6 30. Rc7 Rfc8 31. Rd7 Ne5 32. Rxa7 Rc2 33. Rf1 f6 34. d4 Nd3 35. Rc7 Rxa2 36. d5 Nf2+ 37. Kg2 Nxg4+ 38. Kg3 Ne3 39. Re1 Nxd5 40. Rd7 Rd2 41. Nc7 Rd3+ 42. Kh2 Nf4 43. Rde7 Rxh3+ 44. Kg1 Ng6 45. Rd7 Ne5 46. Re7 Kf8 47. Re6 Nf3+ 48. Kg2 Nxe1+ 49. Kxh3 Nd3 50. Nb5 0-1